000
00209nam a2200097Ia 4500
008
240331s9999 xx 000 0 und d
082
_b
JEY
100
_a
Jeya, M
245
0
_a
Kanavukal illadchiyankal
942
_c
L
999
_c
3713
_d
3713